000 01740nam0a2200361 4500
001 RU\NLR\BIBL_A\012843627
005 20260406081222.0
010 _a978-5-85803-574-9
_9500
021 _aRU
_b2022-24665
_9КН-П-2106
035 _a(NLR Aleph) 012843627
090 _a12403781
_c12403781
100 _a20220708d2021 |||y0rusy50 ca
101 1 _arus
_ceng
102 _aRU
105 _ay w 000zy
181 0 _ai4
_baxxe
182 0 _an
200 1 _aДостоверность хадисов
_eпереосмысление критериев
_fИсрар Ахмад Хан
_gперевод с английского Л. Ф. Меликовой
203 _aТекст
_bвизуальный
_cнепосредственный
210 _aСанкт-Петербург
_cПетербургское Востоковедение
_d2021
215 _a25, [2] с.
_d24
225 1 _aМир современного ислама
300 _aЗагл. обл.: Достоверность хадисов: переосмысление критериев
300 _aВ конце кн. авт.: Исрар Ахмад Хан, доктор теологии Алигархского мусульманского ун-та (Индия)
320 _aБиблиогр. в подстроч. примеч.
512 1 _aДостоверность хадисов: переосмысление критериев
606 1 _aХадисы
_xИсследование текста
_92474739
_3RU\NLR\AUTH\661469518
686 1 _aЭ38-220.9
700 1 _7ca
_8rus
_aХан
_bИ. А.
_gИсрар Ахмад
_3RU\NLR\AUTH\770247234
_9247178
942 _cBOOK
980 _aNB